[Event "34. Bayerische Senioren EM"]
[Site "Bergen im Chiemgau"]
[Date "2024.06.05"]
[Round "9.21"]
[White "Gläser, Wilfried"]
[Black "Lindner, Helmut"]
[Result "1-0"]
[BlackElo "1876"]
[BlackTeam "SC Prichsenstadt"]
[EventDate "2024.??.??"]
[PlyCount "105"]
[WhiteElo "2081"]
[WhiteTeam "SK Anderten"]

1. Nf3 Nf6 2. b3 g6 3. Bb2 Bg7 4. g3 O-O 5. Bg2 c6 6. O-O d6 7. d4 Re8 8. c4 Qc7
9. Re1 Bf5 10. Nh4 Bc8 11. Nf3 Nbd7 12. Nc3 b6 13. Qc2 Bb7 14. Rad1 Rac8 15.
Qb1 e5 16. e3 e4 17. Nd2 d5 18. cxd5 cxd5 19. Nb5 Qb8 20. Ba3 Rc6 21. Rc1 Bf8
22. Bxf8 Rxf8 23. Rxc6 Bxc6 24. Nc3 Ne8 25. Rc1 Bb7 26. b4 Nd6 27. Bf1 Rc8 28.
Nb5 a6 29. Nxd6 Qxd6 30. Rxc8+ Bxc8 31. Qc2 Bb7 32. Qc3 b5 33. Nb3 Nb6 34. Na5
Ba8 35. Qc5 Qxc5 36. dxc5 Nc8 37. Bh3 f5 38. g4 Ne7 39. gxf5 gxf5 40. Kf1 Kf7
41. Ke1 Ke6 42. Kd2 Nc6 43. Nb3 Ke5 44. Kc3 h6 45. Bf1 Bb7 46. Be2 Bc8 47. f4+
Kf6 48. Nd4 Bd7 49. Nxb5 axb5 50. Bxb5 Ke6 51. a4 Na7 52. Bxd7+ Kxd7 53. b5 
1-0

[Event "34. Bayerische Senioren EM"]
[Site "Bergen im Chiemgau"]
[Date "2024.06.05"]
[Round "9.22"]
[White "Luef, Herbert"]
[Black "Heiler, Karl"]
[Result "0-1"]
[BlackElo "1869"]
[BlackTeam "TG Bad Waldsee 1848"]
[EventDate "2024.??.??"]
[PlyCount "108"]
[WhiteElo "1985"]
[WhiteTeam "TSV Ingolstadt Nord"]

1. e4 d6 2. d4 Nf6 3. Nc3 e5 4. dxe5 dxe5 5. Qxd8+ Kxd8 6. Bg5 Be6 7. O-O-O+ Nd7
8. f4 exf4 9. e5 h6 10. Bxf6+ gxf6 11. exf6 Kc8 12. Be2 Nxf6 13. Bf3 Bc5 14.
Nge2 c6 15. h3 Kc7 16. Nd4 Rad8 17. Nb3 Be3+ 18. Kb1 Bf5 19. Rxd8 Rxd8 20. Rd1
Rxd1+ 21. Nxd1 Ne4 22. Nxe3 fxe3 23. Kc1 Kd6 24. c3 c5 25. Kd1 Ke5 26. Bxe4
Bxe4 27. g3 Bf3+ 28. Ke1 b6 29. Nc1 Ke4 30. Kf1 Bd1 31. Ke1 Bf3 32. Kf1 f5 33.
Ke1 Bg2 34. h4 Bf3 35. Kf1 Bh5 36. Kg2 f4 37. gxf4 Kxf4 38. Nd3+ Ke4 39. Ne1
Bf7 40. a3 Bc4 41. Kg3 e2 42. Kf2 a5 43. Nf3 Ba6 44. Ne1 Bb5 45. Nf3 Kd3 46.
Ke1 Kc2 47. Ne5 Kxb2 48. c4 Be8 49. Kxe2 Kxa3 50. Kd3 Kb3 51. Ng4 Bg6+ 52. Kd2
h5 53. Ne5 Bf5 54. Nf7 a4  0-1

[Event "34. Bayerische Senioren EM"]
[Site "Bergen im Chiemgau"]
[Date "2024.06.05"]
[Round "9.23"]
[White "Hirstel, Serge"]
[Black "Weimer, Lotha0"]
[Result "0-1"]
[BlackElo "1946"]
[BlackTeam "SK Kriegshaber"]
[EventDate "2024.??.??"]
[PlyCount "44"]
[WhiteElo "1880"]
[WhiteTeam "Hindisheim France"]

1. e4 e6 2. d3 d5 3. Nd2 c5 4. Ngf3 Nf6 5. g3 Nc6 6. Bg2 b5 7. O-O Be7 8. exd5
exd5 9. a4 b4 10. b3 Bb7 11. Bb2 Na5 12. Ne5 O-O 13. d4 Ne4 14. dxc5 Bxc5 15.
Nd3 Qb6 16. Nxc5 Qxc5 17. Qg4 f6 18. Nxe4 dxe4 19. Rac1 Rae8 20. Rfd1 Re7 21.
Bd4 Qc7 22. Bxa7 Bc8  0-1

[Event "34. Bayerische Senioren EM"]
[Site "Bergen im Chiemgau"]
[Date "2024.06.05"]
[Round "9.24"]
[White "Bartl, Bruno"]
[Black "Elbert, Gebhard"]
[Result "1/2-1/2"]
[BlackElo "1939"]
[BlackTeam "SF 1967 Sailauf e.V."]
[EventDate "2024.??.??"]
[PlyCount "34"]
[WhiteElo "1845"]
[WhiteTeam "SK Bruckmühl"]

1. c4 e6 2. Nc3 d5 3. e3 c6 4. Nf3 f5 5. b3 Be7 6. Ne5 Nf6 7. Be2 O-O 8. O-O
Nbd7 9. Nxd7 Nxd7 10. f4 b6 11. Bb2 Bf6 12. d4 Bb7 13. Qd2 Be7 14. Rac1 Rf6 15.
Bd3 Qf8 16. Rc2 Rg6 17. Qc1 a5  1/2-1/2

[Event "34. Bayerische Senioren EM"]
[Site "Bergen im Chiemgau"]
[Date "2024.06.05"]
[Round "9.25"]
[White "Huber, Walter"]
[Black "Huber, Herbert"]
[Result "1-0"]
[BlackElo "1858"]
[BlackTeam "SK Wasserburg"]
[Time "09:30:00"]
[PlyCount "108"]
[WhiteElo "1894"]
[WhiteTeam "SG Traunstein/Traunreut"]

1. c4 e5 2. g3 Nc6 3. Bg2 Bc5 4. a3 d6 5. Nc3 Nge7 6. e3 a6 7. Nge2 O-O 8. O-O
Ba7 9. b3 Bg4 10. h3 Bf5 11. d3 Bg6 12. Kh2 Rb8 13. f4 f5 14. d4 exd4 15. exd4
Bh5 16. Qd3 Qd7 17. d5 Nd8 18. Bb2 c6 19. Nd4 b5 20. Nxc6 Ndxc6 21. dxc6 bxc4
22. Qxc4+ Bf7 23. Qxf7+ Kxf7 24. cxd7 Rxb3 25. Na4 Rd8 26. Rad1 Rxd7 27. Bd5+
Nxd5 28. Rxd5 Ke6 29. Rfd1 Rb5 30. Rxb5 axb5 31. Nc3 Rc7 32. Rd2 Rb7 33. Nd5
Bc5 34. Bc1 Kd7 35. Kg2 Ra7 36. Nb4 Bxb4 37. axb4 Kc6 38. Kf2 Re7 39. Rd4 Ra7
40. Ke2 Ra2+ 41. Rd2 Ra8 42. Rd3 Ra2+ 43. Bd2 g6 44. Ke3 Ra8 45. Kd4 Kd7 46.
Kd5 Ra2 47. Bc3 Rh2 48. Bf6 Rc2 49. Rc3 Rd2+ 50. Bd4 Ra2 51. Rc6 Ra3 52. Rxd6+
Ke7 53. Bf6+ Kf7 54. Bh4 Kg7  1-0

[Event "34. Bayerische Senioren EM"]
[Site "Bergen im Chiemgau"]
[Date "2024.06.05"]
[Round "9.27"]
[White "Chochoy, Patrick"]
[Black "Fischer, Gerd"]
[Result "0-1"]
[BlackElo "2022"]
[BlackTeam "SC Ansbach"]
[Time "09:30:00"]
[PlyCount "76"]
[WhiteElo "1712"]
[WhiteTeam "Franconville"]

1. e4 c5 2. Nf3 d6 3. d4 cxd4 4. Nxd4 Nf6 5. Nc3 g6 6. f4 Nc6 7. Nxc6 bxc6 8. e5
Bg4 9. Be2 Bxe2 10. Qxe2 dxe5 11. fxe5 Nd5 12. Ne4 Bg7 13. e6 fxe6 14. Ng5 Qd6
15. Qxe6 Be5 16. Qxd6 Bxd6 17. O-O h6 18. Ne4 Be5 19. c3 Rb8 20. Rf2 g5 21. Re2
Bc7 22. g3 O-O 23. Kh1 Rf7 24. Nc5 Bb6 25. Ne6 Rf1+ 26. Kg2 Rg1+ 27. Kh3 Be3
28. Rc2 Kf7 29. Nd4 Kg6 30. b3 h5 31. Ne6 Rh8 32. Bb2 Rxa1 33. Bxa1 Rh7 34.
Nf8+ Kh6 35. Nxh7 Kxh7 36. c4 Nf6 37. Bc3 g4+ 38. Kh4 Kg6  0-1

[Event "34. Bayerische Senioren EM"]
[Site "Bergen im Chiemgau"]
[Date "2024.06.05"]
[Round "9.28"]
[White "Dyballa, Gerhard"]
[Black "Jiritschka, Wolfgang"]
[Result "1/2-1/2"]
[BlackElo "1882"]
[BlackTeam "Bayer Leverkusen"]
[EventDate "2024.??.??"]
[PlyCount "26"]
[WhiteElo "1944"]
[WhiteTeam "SV Meschede"]

1. c4 Nf6 2. Nc3 e6 3. e4 d6 4. d4 Be7 5. Nf3 Nbd7 6. Bf4 O-O 7. h3 c5 8. e5 Ne8
9. d5 Nxe5 10. Nxe5 dxe5 11. Bxe5 Bd6 12. Bxd6 Nxd6 13. Be2 Nf5  1/2-1/2

[Event "34. Bayerische Senioren EM"]
[Site "Bergen im Chiemgau"]
[Date "2024.06.05"]
[Round "9.29"]
[White "Schubert, Joachim"]
[Black "Klüber, Werner"]
[Result "1/2-1/2"]
[BlackElo "1849"]
[BlackTeam "SC Prichsenstadt"]
[EventDate "2024.??.??"]
[PlyCount "46"]
[WhiteElo "1926"]
[WhiteTeam "TSG Oberschöneweide e.V."]

1. e4 d5 2. exd5 Qxd5 3. Nf3 Bg4 4. Be2 Nf6 5. d4 c6 6. Bf4 e6 7. Nbd2 Be7 8.
O-O O-O 9. c3 Qd8 10. Re1 Nbd7 11. Qc2 Bf5 12. Bd3 Bxd3 13. Qxd3 c5 14. dxc5
Nxc5 15. Qc2 Nd3 16. Be5 Nxe1 17. Rxe1 h6 18. Nf1 Qa5 19. b4 Qb6 20. Ne3 Qc6
21. Qb3 Rfe8 22. a4 a6 23. Nd4 Qc8  1/2-1/2

[Event "34. Bayerische Senioren EM"]
[Site "Bergen im Chiemgau"]
[Date "2024.06.05"]
[Round "9.30"]
[White "Krause, Helmut"]
[Black "Hansch, Klaus-Michael"]
[Result "0-1"]
[BlackElo "1897"]
[BlackTeam "SC Weisse Dame e.V."]
[EventDate "2024.??.??"]
[PlyCount "98"]
[WhiteElo "1694"]
[WhiteTeam "SK Freilassing"]

1. d4 Nf6 2. e3 c5 3. c3 cxd4 4. exd4 d5 5. Nf3 a6 6. Bd3 Nbd7 7. Qe2 b5 8. O-O
e6 9. Nbd2 Be7 10. Ne5 Bb7 11. f4 O-O 12. Rf3 Re8 13. Rh3 Nf8 14. g4 N6d7 15.
g5 g6 16. Ng4 f6 17. Nf3 Bd6 18. Nh6+ Kg7 19. Qg2 f5 20. Bd2 Qb6 21. Kf1 Rac8
22. Re1 a5 23. Nh4 b4 24. Qf2 a4 25. Nf3 Ba6 26. Bxa6 Qxa6+ 27. Qe2 Qxe2+ 28.
Rxe2 bxc3 29. bxc3 Rb8 30. Ne5 Bxe5 31. dxe5 Nb6 32. Be3 Nc4 33. Bd4 Rb1+ 34.
Re1 Reb8 35. Rd3 Rxe1+ 36. Kxe1 Rb1+ 37. Rd1 Rxd1+ 38. Kxd1 Nd7 39. h4 Nb8 40.
Bc5 Nc6 41. a3 Nb2+ 42. Kc2 Nc4 43. Kd3 N6a5 44. Be7 Nb3 45. Bb4 Nb6 46. Kc2 d4
47. Kd3 dxc3 48. Bxc3 Nd5 49. Bb4 Nxf4+  0-1

[Event "34. Bayerische Senioren EM"]
[Site "Bergen im Chiemgau"]
[Date "2024.06.05"]
[Round "9.31"]
[White "Blumenstock, Axel"]
[Black "Loibl, Johann"]
[Result "1/2-1/2"]
[BlackElo "1841"]
[BlackTeam "ÖSTERREICH"]
[EventDate "2024.??.??"]
[PlyCount "76"]
[WhiteElo "1885"]
[WhiteTeam "SF Taunus"]

1. e4 e5 2. Bc4 Bc5 3. Nc3 Nc6 4. Qg4 g6 5. Qf3 Qf6 6. Nd5 Qxf3 7. Nxf3 Bb6 8.
d3 d6 9. Be3 Nce7 10. Nxb6 axb6 11. Ng5 Nh6 12. f4 O-O 13. O-O Ng4 14. Bd2 Nc6
15. f5 Nh6 16. fxg6 hxg6 17. Rf6 Kg7 18. Raf1 Nd8 19. h4 Bg4 20. R6f2 f5 21.
Ne6+ Nxe6 22. Bxh6+ Kxh6 23. Bxe6 Kh5 24. a3 f4 25. Bxg4+ Kxg4 26. Rf3 Kxh4 27.
Kf2 Rh8 28. Rh1+ Kg4 29. Rfh3 Rxh3 30. Rxh3 Kg5 31. Rh7 Rc8 32. Kf3 Kf6 33. Kg4
b5 34. g3 fxg3 35. Kxg3 Kg5 36. Rf7 b6 37. Rd7 Kh5 38. Rf7 Kg5  1/2-1/2

[Event "34. Bayerische Senioren EM"]
[Site "Bergen im Chiemgau"]
[Date "2024.06.05"]
[Round "9.32"]
[White "Dreiseitel, Ursula"]
[Black "Küspert, Erwin"]
[Result "0-1"]
[BlackElo "1884"]
[BlackTeam "DJK-SV Schaibing"]
[EventDate "2024.??.??"]
[PlyCount "66"]
[WhiteElo "1668"]
[WhiteTeam "SW Nürnberg Süd"]

1. d4 g6 2. Bf4 Bg7 3. Nf3 c5 4. e3 Qb6 5. b3 d6 6. Na3 Qa6 7. Nd2 Qxa3 8. Bb5+
Bd7 9. Bxd7+ Nxd7 10. O-O cxd4 11. Nc4 Qc5 12. exd4 Qxd4 13. Qxd4 Bxd4 14. Rac1
Be5 15. Be3 b6 16. Rfd1 Ngf6 17. h3 O-O 18. f4 Bc3 19. Rd3 Ne4 20. Bf2 Bg7 21.
Bh4 Bf6 22. Be1 Ndc5 23. Rdd1 Nc3 24. Bxc3 Bxc3 25. a3 b5 26. Nxd6 exd6 27.
Rxd6 Bb2 28. Rcd1 Bxa3 29. R6d5 a6 30. Re1 Rfe8 31. Rf1 Rad8 32. Rg5 Ne4 33.
Rg4 f5  0-1

[Event "34. Bayerische Senioren EM"]
[Site "Bergen im Chiemgau"]
[Date "2024.06.05"]
[Round "9.33"]
[White "Mitschka, Manfred"]
[Black "Melchart, Siegfried"]
[Result "1-0"]
[BlackElo "1477"]
[BlackTeam "SF Bad Reichenhall"]
[Time "09:30:00"]
[PlyCount "185"]
[WhiteElo "1876"]
[WhiteTeam "SK Neuburg"]

1. d4 Nf6 2. c4 e5 3. d5 Bb4+ 4. Bd2 Bxd2+ 5. Qxd2 d6 6. Nc3 O-O 7. e4 a5 8. Bd3
Nbd7 9. Nge2 Nc5 10. Bc2 Bd7 11. h3 Re8 12. g4 h6 13. Ng3 Nh7 14. Nce2 Qg5 15.
Qc3 b5 16. b3 b4 17. Qf3 Qf6 18. Qe3 Qg5 19. Qf3 Qf6 20. Qg2 g6 21. O-O Qe7 22.
f4 exf4 23. Nxf4 Qe5 24. Qf2 Ng5 25. Qg2 Ngxe4 26. Nge2 Nd2 27. Rfe1 Qe3+ 28.
Kh1 Nf3 29. Red1 g5 30. Nh5 Qxe2 31. Nf6+ Kh8 32. Nxe8 Rxe8 33. Rf1 Qxg2+ 34.
Kxg2 Ne5 35. Rae1 Kg7 36. Kg3 Ncd3 37. Ra1 Nf4 38. a3 Rb8 39. axb4 axb4 40. Ra7
c6 41. Be4 Rb6 42. Rd1 Ne2+ 43. Kf2 Nc3 44. Re1 Nxe4+ 45. Rxe4 Be8 46. c5 Rb5
47. cxd6 Rxd5 48. Re7 Rd2+ 49. Kf1 Ng6 50. Rxe8 Rxd6 51. Rxb4 Nf4 52. Re3 Kg6
53. Rb8 c5 54. Rc8 Rd5 55. Rc6+ Kg7 56. Rc7 Ne6 57. Rb7 Kg6 58. Rf3 Nf4 59.
Rb6+ Kg7 60. Re3 Ne6 61. Rb7 Kg6 62. Rb5 Kg7 63. Ke1 Nf4 64. Kf1 Rd1+ 65. Kf2
Rd5 66. Rc3 Ne6 67. Ke3 Re5+ 68. Kd3 Rd5+ 69. Ke4 Rd4+ 70. Ke5 Rd1 71. Re3 Rd2
72. Rb6 Rd1 73. Rd6 Rc1 74. Rc6 Rd1 75. Re4 Rd3 76. Rb6 Rxh3 77. Rb7 Rd3 78.
Ra4 Re3+ 79. Kd6 Rd3+ 80. Ke7 Re3 81. Kd6 Rd3+ 82. Ke7 Re3 83. Raa7 Rf3 84. Ke8
Kg8 85. Rxf7 Rxf7 86. Rxf7 Ng7+ 87. Ke7 h5 88. gxh5 Nxh5 89. Rf1 Kg7 90. Kd6 g4
91. Rg1 g3 92. Kxc5 Kf6 93. b4  1-0

[Event "34. Bayerische Senioren EM"]
[Site "Bergen im Chiemgau"]
[Date "2024.06.05"]
[Round "9.34"]
[White "Frey, Peter"]
[Black "Krause, Marianne"]
[Result "0-1"]
[BlackElo "1693"]
[BlackTeam "SK Freilassing"]
[Time "09:30:00"]
[PlyCount "118"]
[WhiteElo "1789"]
[WhiteTeam "SG Traunstein/Traunreut"]

1. b3 c5 2. Bb2 d5 3. e3 a6 4. f4 Nc6 5. Nf3 Nf6 6. Be2 e6 7. O-O Bd6 8. Ne5 Qc7
9. Nxc6 bxc6 10. d3 e5 11. Bc1 O-O 12. Nc3 a5 13. Rf2 d4 14. Na4 exf4 15. exf4
Nd5 16. g3 Re8 17. Ba3 Qe7 18. Qd2 Qa7 19. Bf3 Bd7 20. c4 Ne3 21. Re1 Re7 22.
Nb2 Rae8 23. Rfe2 Qc7 24. Nd1 Bg4 25. Bxg4 Nxg4 26. h3 Nf6 27. Rxe7 Rxe7 28.
Bc1 Kf8 29. Rxe7 Bxe7 30. Qe1 Bd8 31. f5 Nh5 32. Kg2 Qe7 33. Qxe7+ Kxe7 34. g4
Nf6 35. Nf2 Ne8 36. Ne4 g6 37. fxg6 hxg6 38. Nxc5 Kd6 39. Ne4+ Ke5 40. Kf3 Be7
41. Bf4+ Ke6 42. g5 Ng7 43. Ng3 Nf5 44. Ne2 Bb4 45. Ke4 c5 46. Bb8 Ne7 47. Nf4+
Kd7 48. Ke5 Nc6+ 49. Kf6 Nxb8 50. Kxf7 Bd2 51. Ne6 Na6 52. Nf8+ Kd6 53. h4 Nb4
54. Nxg6 Nxd3 55. Kf6 Nf4 56. Kf5 Nxg6 57. Kxg6 Bxg5 58. h5 d3 59. Kxg5 d2  0-1

[Event "34. Bayerische Senioren EM"]
[Site "Bergen im Chiemgau"]
[Date "2024.06.05"]
[Round "9.35"]
[White "Rogun, Ulrich"]
[Black "Trattner, Alfred"]
[Result "0-1"]
[BlackElo "1808"]
[BlackTeam "SV Holz Dohr Semriach"]
[EventDate "2024.??.??"]
[PlyCount "94"]
[WhiteElo "1770"]
[WhiteTeam "FC Bayern München"]

1. e4 e5 2. Nf3 Nc6 3. d4 exd4 4. Nxd4 g6 5. Bc4 Bg7 6. Nxc6 bxc6 7. O-O Ne7 8.
Re1 O-O 9. c3 Rb8 10. Bb3 d6 11. Bf4 a5 12. a4 Be6 13. Ra3 c5 14. Bxe6 fxe6 15.
Qc1 Nc6 16. Ra2 Qf6 17. Bg3 Ne5 18. Qd1 Qf7 19. Rf1 Nc4 20. Qe2 e5 21. b3 Rxb3
22. Rc2 Rfb8 23. Nd2 Nxd2 24. Qxd2 Qc4 25. Qd5+ Qxd5 26. exd5 Ra3 27. c4 Rxa4
28. f4 exf4 29. Bxf4 Bd4+ 30. Kh1 Rab4 31. g3 Rb1 32. Rcc1 Rxc1 33. Rxc1 a4 34.
Rc2 Rb1+ 35. Bc1 a3 36. Kg2 Rxc1 37. Rxc1 a2 38. Kf3 a1=Q 39. Rxa1 Bxa1 40. g4
Kf7 41. Ke4 Kf6 42. h4 h6 43. Kf4 Be5+ 44. Ke4 Bg3 45. h5 gxh5 46. Kf3 h4 47.
Kg2 Ke5  0-1

[Event "34. Bayerische Senioren EM"]
[Site "Bergen im Chiemgau"]
[Date "2024.06.05"]
[Round "9.36"]
[White "Waltner, Herbert"]
[Black "Thonig, Manfred"]
[Result "1-0"]
[BlackElo "1717"]
[BlackTeam "SC Wolfratshausen"]
[EventDate "2024.??.??"]
[PlyCount "81"]
[WhiteElo "1749"]
[WhiteTeam "SV Steinhausen"]

1. e4 g6 2. d4 Bg7 3. Nf3 d6 4. c3 Nd7 5. Bd3 b6 6. O-O Bb7 7. Re1 e5 8. Bc4
Ngf6 9. Bg5 O-O 10. Qd2 Qe8 11. Bd3 Kh8 12. Bh6 Ng8 13. Bxg7+ Kxg7 14. Na3 a6
15. Nc4 Rd8 16. Bc2 b5 17. Ne3 Ndf6 18. Nf1 Nh5 19. h3 Bc8 20. Kh2 Nf4 21. Qe3
f6 22. Nh4 Kh8 23. Ng3 g5 24. Nhf5 h5 25. Bd1 h4 26. Ne2 Bxf5 27. exf5 Qd7 28.
Nxf4 gxf4 29. Qd3 Nh6 30. Rg1 Rg8 31. Bc2 Rg5 32. g4 fxg3+ 33. fxg3 hxg3+ 34.
Rxg3 Rxg3 35. Qxg3 Rg8 36. Qh4 Qg7 37. Be4 exd4 38. Bd5 Re8 39. Rg1 Re2+ 40.
Kh1 Qf8 41. Rg8+  1-0

[Event "34. Bayerische Senioren EM"]
[Site "Bergen im Chiemgau"]
[Date "2024.06.05"]
[Round "9.37"]
[White "Brahn, Helmut"]
[Black "Mahrla, Hans"]
[Result "1/2-1/2"]
[BlackElo "1689"]
[BlackTeam "SC Eichenau"]
[EventDate "2024.??.??"]
[PlyCount "117"]
[WhiteElo "1779"]
[WhiteTeam "SG Springer Burghaun"]

1. c4 e6 2. a3 Nf6 3. d3 d5 4. cxd5 exd5 5. d4 c5 6. e3 cxd4 7. Qxd4 Nc6 8. Qd1
d4 9. h3 Be7 10. Nf3 dxe3 11. Qxd8+ Nxd8 12. Bxe3 Nd5 13. Bb5+ Nc6 14. Bxc6+
bxc6 15. Bd2 O-O 16. O-O Bf6 17. Nc3 Nxc3 18. Bxc3 Bxc3 19. bxc3 Ba6 20. Rfe1
Rfe8 21. Ne5 Re6 22. Ng4 Rae8 23. Rxe6 Rxe6 24. Ne3 g6 25. g4 f5 26. gxf5 gxf5
27. Nxf5 Rg6+ 28. Kh2 Rf6 29. Rg1+ Kf8 30. Rg5 Bd3 31. Ne3 Rxf2+ 32. Kg3 Ra2
33. Ra5 a6 34. Rc5 Bb5 35. c4 Ba4 36. Ra5 Rxa3 37. Kf4 Ra1 38. Rxa6 Ra2 39.
Ra8+ Kf7 40. Ng4 Bb3 41. Ne5+ Ke6 42. Rxa2 Bxa2 43. Nxc6 Bxc4 44. Ne5 Bb3 45.
h4 Kf6 46. h5 Bd1 47. h6 Bh5 48. Ng4+ Kg6 49. Ne3 Kxh6 50. Nf5+ Kg6 51. Nh4+
Kf6 52. Nf5 Bd1 53. Nh6 Bc2 54. Ng4+ Kg6 55. Ne5+ Kh5 56. Ng4 Kg6 57. Ne5+ Kh5
58. Ng4 Kg6 59. Ne5+  1/2-1/2

[Event "34. Bayerische Senioren EM"]
[Site "Bergen im Chiemgau"]
[Date "2024.06.05"]
[Round "9.39"]
[White "Sonntagbauer, Manfred"]
[Black "Schleime, Franz-Josef"]
[Result "1/2-1/2"]
[BlackElo "1774"]
[BlackTeam "SF Lennestadt-Meggen"]
[EventDate "2024.??.??"]
[PlyCount "43"]
[WhiteElo "1645"]
[WhiteTeam "SV Almtal"]

1. d4 c5 2. Nf3 Nf6 3. e3 e6 4. Be2 b6 5. c3 Bb7 6. Nbd2 Be7 7. dxc5 bxc5 8. b3
d5 9. Bb2 O-O 10. O-O Nc6 11. Rc1 Rc8 12. c4 Qb6 13. cxd5 exd5 14. Ne5 Nxe5 15.
Bxe5 Rfd8 16. Bf3 Ne4 17. Qc2 Qe6 18. Ba1 Rd7 19. Rfd1 Rcd8 20. Nxe4 dxe4 21.
Be2 Bd5 22. Bc4  1/2-1/2

[Event "34. Bayerische Senioren EM"]
[Site "Bergen im Chiemgau"]
[Date "2024.06.05"]
[Round "9.40"]
[White "Riess, Michael"]
[Black "Puhrer, Achim"]
[Result "1/2-1/2"]
[BlackElo "1707"]
[BlackTeam "SF Hoffenheim"]
[EventDate "2024.??.??"]
[PlyCount "20"]
[WhiteElo "1773"]
[WhiteTeam "SC Ansbach"]

1. e4 e6 2. d4 d5 3. Nc3 Bb4 4. a3 Bxc3+ 5. bxc3 dxe4 6. f3 Nd7 7. Bf4 Ngf6 8.
Bg5 h6 9. Bxf6 Qxf6 10. Qe2 exf3  1/2-1/2

[Event "34. Bayerische Senioren EM"]
[Site "Bergen im Chiemgau"]
[Date "2024.06.05"]
[Round "9.41"]
[White "Schießl, Hanns"]
[Black "Stronk, Klaus"]
[Result "1-0"]
[BlackElo "1836"]
[BlackTeam "SK Freilassing"]
[EventDate "2024.??.??"]
[PlyCount "79"]
[WhiteElo "1753"]
[WhiteTeam "FVS ASP Hoyerswerda"]

1. e4 c5 2. Nf3 a6 3. c3 e6 4. d4 d5 5. e5 Bd7 6. Be2 cxd4 7. cxd4 Bb5 8. Bxb5+
axb5 9. O-O h6 10. Qb3 Qb6 11. Bd2 Nc6 12. a3 Nge7 13. Nc3 b4 14. axb4 Rxa1 15.
Rxa1 Nf5 16. Ra8+ Nd8 17. Qa4+ Qc6 18. b5 Qd7 19. Qa5 Be7 20. g4 Nh4 21. Nxh4
Bxh4 22. b6 O-O 23. Nb5 f6 24. Bb4 fxe5 25. Bxf8 Qf7 26. Qd2 Qxf8 27. dxe5 Qf3
28. Qd4 Kh7 29. Ra3 Qf8 30. Nd6 Nc6 31. Qd3+ Kg8 32. Qf3 Qe7 33. Ra8+ Nd8 34.
Rb8 Kh7 35. Qd3+ Kg8 36. Nxb7 Qf7 37. Qe3 Qf8 38. Nxd8 Bxd8 39. b7 Qe7 40. Qb6 
1-0

[Event "34. Bayerische Senioren EM"]
[Site "Bergen im Chiemgau"]
[Date "2024.06.05"]
[Round "9.42"]
[White "Elbert, Helmut"]
[Black "Paul, Ernst"]
[Result "0-1"]
[BlackElo "1781"]
[BlackTeam "ASV J'Adoube Grassau"]
[EventDate "2024.??.??"]
[PlyCount "66"]
[WhiteElo "1657"]
[WhiteTeam "SC-SF 1957 Stockstadt"]

1. d4 e6 2. c4 f5 3. e3 Nf6 4. Nc3 d5 5. Nf3 c6 6. Bd3 Be7 7. O-O O-O 8. Re1
Nbd7 9. a3 Nb6 10. cxd5 Nbxd5 11. Bd2 Ne4 12. Rc1 Nexc3 13. bxc3 Bxa3 14. Rb1
Bd6 15. c4 Nf6 16. Bc2 Nd7 17. Bb4 Bxb4 18. Rxb4 Qc7 19. Rb1 b5 20. d5 cxd5 21.
cxd5 Nf6 22. Rc1 Qd6 23. dxe6 Qxd1 24. Rexd1 Bxe6 25. Bb1 Rfd8 26. h3 Rxd1+ 27.
Rxd1 Kf7 28. Ne5+ Ke8 29. Rd6 Ke7 30. Rc6 Rc8 31. Rxc8 Bxc8 32. Nc6+ Kd6 33.
Nxa7 Bd7  0-1

[Event "34. Bayerische Senioren EM"]
[Site "Bergen im Chiemgau"]
[Date "2024.06.05"]
[Round "9.43"]
[White "Roß, Heinrich"]
[Black "Scheler, Heinz"]
[Result "0-1"]
[BlackElo "1638"]
[BlackTeam "SC Heilsbronn"]
[EventDate "2024.??.??"]
[PlyCount "62"]
[WhiteElo "1743"]
[WhiteTeam "SG Springer Burghaun"]

1. e4 e5 2. c3 Bc5 3. Nf3 d6 4. d4 exd4 5. cxd4 Bb4+ 6. Bd2 Bxd2+ 7. Nbxd2 Nc6
8. Bb5 Bd7 9. O-O Nf6 10. a3 h5 11. b4 Bg4 12. d5 a6 13. Ba4 b5 14. dxc6 bxa4
15. Qxa4 h4 16. Qc2 h3 17. g3 a5 18. b5 O-O 19. Rfe1 Re8 20. Nd4 Re5 21. a4 Qe7
22. f3 Be6 23. Qb2 Nh5 24. Nxe6 fxe6 25. Nc4 Rg5 26. Qd2 Nxg3 27. hxg3 Rxg3+
28. Kh1 Qf6 29. Ra3 Rg2 30. Qe3 Qg6 31. Rg1 Qg3  0-1

[Event "34. Bayerische Senioren EM"]
[Site "Bergen im Chiemgau"]
[Date "2024.06.05"]
[Round "9.44"]
[White "Dreiseitel, Werner"]
[Black "Seibold, Günther"]
[Result "1-0"]
[BlackElo "1688"]
[BlackTeam "SG Traunstein/Traunreut"]
[EventDate "2024.??.??"]
[PlyCount "77"]
[WhiteElo "1724"]
[WhiteTeam "SW Nürnberg Süd"]

1. d4 d5 2. c4 Nf6 3. Nf3 e6 4. Nc3 Bd6 5. Bg5 O-O 6. e3 Nbd7 7. cxd5 exd5 8.
Nxd5 h6 9. Bh4 c6 10. Nc3 Bb4 11. a3 Bxc3+ 12. bxc3 c5 13. Bd3 cxd4 14. cxd4
Qa5+ 15. Nd2 Nd5 16. O-O Re8 17. Nc4 Qc7 18. Rc1 b5 19. Ne5 Qa5 20. Nc6 Qxa3
21. Bxb5 a6 22. Bc4 Nc3 23. Qf3 Nf6 24. Bxf6 gxf6 25. Qh5 Be6 26. d5 Bd7 27.
Nd4 Ne4 28. Qxh6 Qf8 29. Qxf8+ Kxf8 30. Bd3 f5 31. Rc7 Nf6 32. d6 Reb8 33. Rfc1
Rb6 34. Bxf5 Rxd6 35. Bxd7 Rxd7 36. Rc8+ Rxc8 37. Rxc8+ Kg7 38. Ra8 Rd6 39.
Nf5+  1-0